Statistiche per Paesi più Vicini a Taiwan

Clicka qui per fare il quiz!

Statistiche generali

  • Questo quiz è stato fatto 2.207 volte
  • Il punteggio medio è 17 su 20

Statistiche sulle risposte

kmPaeseMiglia% Corretto
4Cina3
100%
107Giappone67
98%
1439Corea del Nord894
94%
990Corea del Sud615
94%
2033Indonesia1263
93%
2115India1314
91%
1088Vietnam676
91%
156Filippine97
90%
1444Laos897
89%
2069Russia1296
88%
1734Thailandia1077
86%
1606Cambogia998
85%
1664Malesia1034
85%
2195Mongolia1364
85%
1774Birmania1102
79%
2599Bangladesh1615
76%
2628Bhutan1633
69%
1977Brunei1228
69%
2241Stati Federati di Micronesia1392
56%
2116Palau1315
51%

Distribuzione punteggi

Percentile per numero di risposta

Percentuale di utenti per punteggio

I tuoi punteggi nel tempo

Non hai fatto questo quiz